Implications of economic policy for food security : (Record no. 15384)

000 -LEADER
fixed length control field 00889cam a2200229 a 4500
020 ## - INTERNATIONAL STANDARD BOOK NUMBER
ISBN 925103933X
040 ## - CATALOGING SOURCE
Transcribing agency DJB
082 ## - DEWEY DECIMAL CLASSIFICATION NUMBER
Classification number 338 FOO 1997 A077 Or.
100 1# - MAIN ENTRY--AUTHOR NAME
Personal name Thomson, Anne Margaret.
245 10 - TITLE STATEMENT
Title Implications of economic policy for food security :
Remainder of title a training manual /
260 ## - PUBLICATION, DISTRIBUTION, ETC. (IMPRINT)
Place of publication Rome :
Name of publisher Food and Agriculture Organization of the United Nations,
Year of publication 1997.
300 ## - PHYSICAL DESCRIPTION
Number of Pages viii, 313 p. :
Other physical details ill. ;
Dimensions 30 cm.
500 ## - GENERAL NOTE
General note "Prepared for the Agricultural Policy Support Service, Policy Assistance Division, FAO and the Deutsche Gesellschaft Für Technische Zusammenarbeit (GTZ)."
650 #0 - SUBJECT ADDED ENTRY--TOPICAL TERM
Topical Term Agriculture and state
650 #0 - SUBJECT ADDED ENTRY--TOPICAL TERM
Topical Term Food supply
650 #0 - SUBJECT ADDED ENTRY--TOPICAL TERM
Topical Term Nutrition policy
650 #0 - SUBJECT ADDED ENTRY--TOPICAL TERM
Topical Term Poor
700 1# - ADDED ENTRY--PERSONAL NAME
Personal name Metz, Manfred.
710 2# - ADDED ENTRY--CORPORATE NAME
Corporate name or jurisdiction name as entry element Food and Agriculture Organization of the United Nations.
710 2# - ADDED ENTRY--CORPORATE NAME
Corporate name or jurisdiction name as entry element Deutsche Gesellschaft für Technische Zusammenarbeit.
942 ## - ADDED ENTRY ELEMENTS (KOHA)
Koha item type សៀវភៅភាសាអង់គ្លេស
952 ## - LOCATION AND ITEM INFORMATION (KOHA)
Withdrawn status [LOCAL, KOHA] 0
Holdings
Permanent Location Date acquired Koha item type Lost status Shelving location Barcode Current Location Full call number
Library Block A2017-11-20សៀវភៅភាសាអង់គ្លេស A077A06571Library Block A338 FOO 1997 A077 Or.
មជ្ឈមណ្ឌលឯការនៃសាកលវិទ្យាល័យភូមិន្ទកសិកម្មចំការដូង

Powered by Koha